000 01200nam0a2200253 4500
001 RU\NLR\ONL1\13844
005 20250613121830.0
035 _a(NLR Aleph) 009642588
090 _a9552331
_c9552331
100 _a20090316d1932 |||y0rusy50 ca
101 0 _amyv
102 _aRU
105 _ay |||||||||
200 1 _aКода кассть комсомолось ды пионерорганизациясь ды кода аравтозь сынст ютксо политико-воспитательной рабутась
_eВЛКСМ-нь 7-це конференциясонть докладозо
_fС. Салтанов
210 _aМ.
_cОГИЗ
_cМол. гвардия
_d1932
215 _a48 с.
_d18
541 1 _aРост комсомола и пионерорганизации и состояние политико-воспитательной работы в комсомоле и среди пионеров
_eдоклад на 7 Всесоюзной конференции ВЛКСМ
_zrus
686 1 _aФ75(2)11
700 1 _aСалтанов
_bС.
_4070
801 0 _aRU
_bNLR
_c20090316
_gPSBO
852 _aNLR
_bОНЛ
_jМорд.э./2-1776
942 _cBOOK
980 _aNB